Îles révélant des îles - Statistiques

Statistiques générales
  • Ce quiz a été pris 19 972 fois
    19 767 depuis la dernière actualisation
  • Le résultat moyen est 14 sur 34
Réponses sur la Carte
Les réponses sont colorées sur une échelle allant du rouge au vert en fonction du pourcentage des utilisateurs qui les ont devinées à leur premier essai. Vous pouvez retrouver ces pourcentages ci-dessous.
 
Statistiques - réponses
Île % Correct
Corse
94%
Chypre
93%
Islande
90%
Madagascar
89%
Irlande
85%
Groenland
84%
Cuba
83%
Sri Lanka
80%
Sardaigne
74%
Sicile
68%
Grande-Bretagne
67%
Taïwan
62%
Hispaniola
55%
Jamaïque
55%
Malte
54%
Crète
33%
Bornéo
28%
Hokkaido
26%
Java
26%
Martinique
26%
Honshu
23%
Mayotte
21%
Nouvelle-Guinée
21%
Sumatra
20%
Trinité
18%
Majorque
15%
Luçon
11%
Sakhaline
10%
Kyushu
9%
Sulawesi
9%
Baffin
8%
Rhodes
6%
Aruba
4%
Montréal
1%
Aucun quiz correspondant
Distribution des résultats
% des personnes avec chaque résultat
Percentile par nombre de réponses
Votre historique - résultats
Vous n’avez pas pris ce quiz depuis la dernière actualisation